Регионална библиотека "Любен Каравелов" - Русе

Политически проблеми пред българската общественост в чужбина (Запис номер 1194)

MARC детайли
000 -Лидер
Контролно поле с фиксирана дължина 02074nam a2200397 a 4500
003 - Код на организацията, давaща контролен номер
Контролно поле BLK
005 - Дата и час на последна редакция
Контролно поле 20250127102511.0
008 - Елементи от данни с фиксирана дължина
fixed length control field 180412b bul|||||r ||||||| ||bul||
010 ## - Наследен системен номер
LC control number KNG00001996000
040 ## - Източник на каталожния запис
Идентификатор на билиотеката - собственик на записа BLK
041 ## - Код за език
Код за езика на текст/звукозапис или на отделно заглавие Български
Код за езика КДБФ Български
080 ## - УДК
Текстов определител УДК Политика. Вж и 341 ; 342
УДК код - определител по УДК 32
УДК определител (497.2)
УДК - код + определител 32(497.2)
080 ## - УДК
Текстов определител УДК Международни политически отношения. Световна политика. Международна политика. Дипломация
УДК код - определител по УДК 327
УДК определител (497.2)
УДК - код + определител 327(497.2)
080 ## - УДК
Текстов определител УДК История на България
УДК код - определител по УДК 94(497.2)
УДК - код + определител 94(497.2)
100 1# - Редна дума - Автор
Автор Райкин, Спас Тодоров
Авторска отговорност първи автор
R(LIN) 114546
139 ## - Редно поле
Редна дума Райкин, Спас Тодоров
Авторски знак Раи - Р 27
245 10 - Сведения за заглавието
Заглавие Политически проблеми пред българската общественост в чужбина
Подзаглавни данни Сб. статии, есета, студии и комент. по полит., култ., икон. и ист. въпроси, публикувани в емиграция 1978 - 1991 : В 5 т.
Редно поле (дума) Спас Тодоров Райкин.
Том Т. 1
Заглавие на том Проблеми на българската външна политика
257 ## - Страна на издаване
Страна на създаване/издаване България
260 ## - Област на издателските данни
Място на издаване, разпространение и проч. София
Име на издателя, разпространителя и проч. сп. Свободно земед. знаме
Година на издаване 1993
Печатница В. Търново : Абагар
300 ## - Физическа характеристика
Размери/Мащаб 24 см
Страници 560 с.
380 ## - Жанр
Жанр Обществени науки
500 ## - Общи забележки
Забележка Офс. изд
650 #0 - Допълнително описание по предмет – тема
Основно описание – тема или топоним България - политика
9 (RLIN) 243743
650 #4 - Допълнително описание по предмет – тема
Основно описание – тема или топоним България - външна политика и история
9 (RLIN) 243744
653 ## - Ключова дума – ненормативна
Ключова дума политика
653 ## - Ключова дума – ненормативна
Ключова дума външна политика
653 ## - Ключова дума – ненормативна
Ключова дума България
760 1# - Описание на основната серия
Редна дума на основното описание Райкин, Спас Тодоров
Място на издаване, издател и година 1993
Страници - том 560 с.
Заглавие Т. 1 Проблеми на българската външна политика
852 ## - Местоположение
Форматна сигнатура Цб 174346
Фондова буква Хранилище
856 4# - Електронен адрес и достъп
Електронен формат pdf - файл
Път до файла /url/
Инструкция (цена за достъп) 0.00
Права за достъп disable
856 4# - Електронен адрес и достъп
Електронен формат pdf - файл
Път до файла /url/
Инструкция (цена за достъп) 0.00
Права за достъп disable
999 ## - СИСТЕМНИ КОНТРОЛНИ НОМЕРА
Koha biblionumber 1194
Koha biblioitemnumber 1194
942 ## - АРТИКУЛИ
Вид на библиотечния материал Книги
Скрит в OPAC Не
Периодичен библиозапис Да
944 ## - СЪЗДАВАНЕ И РЕДАКЦИЯ на ЗАПИСА
Създаване/Редакция Създаване
Дата на регистрацията/редакция 15.01.2003
Служител, извършил регистрацията/редакцията 30560
Статус, дата на статуса Геновева Генчева
944 ## - СЪЗДАВАНЕ И РЕДАКЦИЯ на ЗАПИСА
Създаване/Редакция Редакция
Дата на регистрацията/редакция 22.04.2004
999 ## - СИСТЕМНИ КОНТРОЛНИ НОМЕРА
Koha biblioitemnumber 1194
Наличности
Код за отписване Код за изгубен артикул Източник на класификационната схема Код за повреда Коз за рестрикции Код за отдаване Артикулен № Име на библиотеката - собственик Име на библиотеката, в която се намира в момента Статус (Текущо местоположение) Дата на вписване в системата Местоположение - отдел Цена в лева Инвентарен номер Систематично азбучна сигнатура Баркод Номер на екземпляра Цена в евро Служебна бележка Служебен тип на артикула
  Не е изгубен Universal Decimal Classification Не е повреден без рестрикции ползва се в читалня 2393 Регионална библиотека "Любен Каравелов" Русе Регионална библиотека "Любен Каравелов" Русе Хранилище 1993-01-01 Хранилище 0.00 582380 Цб 174346 120000582380 1 0.00 Дост: Dp Вид: Д N: 19 Дата: 01.01.1993 Книги
Vip Innovations Ltd, Rousse, Bulgaria 2025